Normal view
MARC view
- Glass painting and staining
Entry Topical Term
001 - CONTROL NUMBER
- control field: 121047
003 - CONTROL NUMBER IDENTIFIER
- control field: NUST
005 - DATE AND TIME OF LATEST TRANSACTION
- control field: 20240222103541.0
008 - FIXED-LENGTH DATA ELEMENTS
- fixed length control field: 240222|| aca||aabn | a|a d
040 ## - CATALOGING SOURCE
- Original cataloging agency: NUST
- Transcribing agency: NUST
150 ## - HEADING--TOPICAL TERM
- Topical term or geographic name entry element: Glass painting and staining
670 ## - SOURCE DATA FOUND
- Source citation: Work cat.: (NUST): Gear, Alan D. 121045, Fast glass painting :, 2002.
